THOMPSON & THOMPSON GENETICS IN MEDICINE (Record no. 15535)

MARC details
000 -LEADER
fixed length control field 00361nam a22001577a 4500
003 - CONTROL NUMBER IDENTIFIER
control field SGT
020 ## - INTERNATIONAL STANDARD BOOK NUMBER
International Standard Book Number 978-81-312-4314-5
082 ## - DEWEY DECIMAL CLASSIFICATION NUMBER
Classification number 611
Item number T17N
100 ## - MAIN ENTRY--PERSONAL NAME
Personal name NUSSBAUM, ROBERT L.
245 ## - TITLE STATEMENT
Title THOMPSON & THOMPSON GENETICS IN MEDICINE
250 ## - EDITION STATEMENT
Edition statement 8TH
260 ## - PUBLICATION, DISTRIBUTION, ETC. (IMPRINT)
Place of publication, distribution, etc INDIA
Name of publisher, distributor, etc ELSEVIER
Year of Publication 2017
300 ## - PAGE DESCRIPTION
No. of Pages 546
650 ## - SUBJECT ADDED ENTRY--TOPICAL TERM
Topical term or geographic name as entry element ANATOMY
942 ## - ADDED ENTRY ELEMENTS (KOHA)
Source of classification or shelving scheme Dewey Decimal Classification
Koha item type Books
942 ## - ADDED ENTRY ELEMENTS (KOHA)
-- 1
Holdings
Withdrawn status Lost status Source of classification or shelving scheme Damaged status Not for loan Collection code Home library Current library Shelving location Date acquired Vendor Name Cost, normal purchase price SGTU Bill Number Total Checkouts Full call number Accession No. (Barcode) Date last seen Bill Date Koha item type Date last borrowed
    Dewey Decimal Classification     MEDICAL SGT Medical Library SGT Medical Library Reference Book 12/06/2018 ABC 2275.00 SGTU 9732   611 T17N FM10659 12/06/2018 15/05/2018 Books  
    Dewey Decimal Classification     MEDICAL SGT Medical Library SGT Medical Library Reference Book 12/06/2018 ABC 2275.00 SGTU 9732 1 611 T17N FM10660 26/09/2023 15/05/2018 Books 21/09/2023